Представление документа в формате MARC21

Поле Инд. ПП Название Значение
Тип записи a
Библиографический уровень m
001 Контрольный номер 088cfd8f-8952-41d8-b9c2-ff5a6017d74e
005 Дата корректировки 20140703130127.6
008 Кодируемые данные 040520
020 c Цена, тираж 20.00
040 a Служба первич. каталог. НБ ТвГУ
041 a Код языка текста rus
080 a Индекс УДК 373.5.042
084 a Индекс другой классификации/Индекс ББК Ч420.044
090 a Полочн. индекс Ч420.0
x Авторский знак Г79
100 1_ a Автор Гребенюк Татьяна Борисовна
245 10 a Заглавие Мониторинг развития индивидуальности школьника
b Продолж. заглавия науч.-метод. пособие
c Ответственность Т. Б. Гребенюк, Н. А. Тучинская; [Науч. ред. Т. Б. Гребенюк]; Калинингр. обл. ин-т повышения квалификации и подгот. работников образования
260 0_ a Место издания Калининград
b Издательство Калининградский гос. ун-т
c Дата издания 2002
300 a Объем 93 с.
b Иллюстрации/ тип воспроизводства ил., табл.
504 a Библиография Библиогр.: с.92.
583 a Действие Получение впервые 228 19.05.2004
k Исполнитель действия обмен
650 a Основная рубрика Индивидуальность
x Основная подрубрика Мониторинг
x Основная подрубрика Формирование в школе
650 a Основная рубрика Педагогика школы
653 a Ключевые слова Индивидуальность школьника
a Ключевые слова Мониторинг развития индивидуальности
a Ключевые слова Педагогика школы
a Ключевые слова Развитие индивидуальности
a Ключевые слова Школьники
700 1_ a Другие авторы Тучинская Наталья Анатольевна
e Роль лиц авт.
852 t Порядковый номер экземпляра 1
p Инвентарный номер 784960
888 a бесплатно
952 c Вид литературы К рн
p 228.2004 20.00 1 784960
954 a Дата поступления на обработку 20040827
999 a Подразделение 2 Фил2